[Event "Gibtelecom Masters 2005"]
[Site "Gibraltar ENG"]
[Date "2005.01.02"]
[Round "9"]
[White "Avrukh, Boris"]
[Black "Erenburg, Sergey"]
[Result "0-1"]
[WhiteElo "2629"]
[BlackElo "2551"]
[PlyCount "150"]
[EventDate "2005.01.26"]
[EventType "swiss"]
[EventRounds "10"]
[EventCountry "ENG"]
[Source "lmi"]
[SourceDate "2005.02.03"]

1. d4 d5 2. c4 c6 3. Nc3 Nf6 4. Nf3 a6 5. c5 Nbd7 6. Bf4 Nh5 7. Bd2 Nhf6 8. Qc2
e5 9. dxe5 Ng4 10. Na4 Be7 11. Qc3 O-O 12. Qd4 Nh6 13. e4 f6 14. exd5 fxe5 15.
Qc4 cxd5 16. Qxd5+ Kh8 17. Bc4 Nxc5 18. Qxd8 Rxd8 19. Nb6 Rb8 20. Nxe5 Bf6 21.
Bf4 Be6 22. O-O Rd4 23. Bg3 Nf5 24. Nf3 Nxg3 25. Nxd4 Bxc4 26. Rfd1 Ne2+ 27.
Nxe2 Bxe2 28. Rd5 Nd3 29. Nd7 Rc8 30. Nxf6 gxf6 31. h3 Rc2 32. Rd8+ Kg7 33.
Rd7+ Kg6 34. Rxb7 Rxb2 35. Ra7 Ne5 36. a4 h5 37. Ra3 h4 38. Re3 Nd3 39. g3 Ne5
40. Kg2 hxg3 41. Kxg3 Bc4 42. Rc7 Rb4 43. Rc3 Bf1 44. f4 Nd3 45. R7c4 Rb2 46.
Rd4 Rg2+ 47. Kh4 Rf2 48. Kg3 Rg2+ 49. Kh4 Rf2 50. Kg3 Rd2 51. Rd5 Rg2+ 52. Kf3
Rh2 53. Rd6 Rxh3+ 54. Ke4 Rg3 55. Kd4 Rf3 56. Rxa6 Rxf4+ 57. Ke3 Rh4 58. Ra8
Ne5 59. Kf2 Bc4 60. a5 Rh2+ 61. Kg3 Ra2 62. Kf4 Ra4 63. Ke3 Bd5 64. Ra7 Kf5 65.
Kd2 Kf4 66. Rc2 Ra3 67. Ke2 Rh3 68. Kd2 Nc4+ 69. Rxc4+ Bxc4 70. a6 Kf5 71. Ra8
Ra3 72. a7 Bd5 73. Rd8 Ke6 74. Re8+ Kd7 75. Rh8 Ke7 0-1

[Event "Gibtelecom Masters 2005"]
[Site "Gibraltar ENG"]
[Date "2005.01.02"]
[Round "9"]
[White "Belezky, Sasha"]
[Black "Tregubov, Pavel V"]
[Result "0-1"]
[WhiteElo "2399"]
[BlackElo "2629"]
[PlyCount "84"]
[EventDate "2005.01.26"]
[EventType "swiss"]
[EventRounds "10"]
[EventCountry "ENG"]
[Source "lmi"]
[SourceDate "2005.02.03"]

1. d4 Nf6 2. Bg5 d5 3. Bxf6 exf6 4. e3 Bd6 5. c4 dxc4 6. Bxc4 O-O 7. Nc3 Nd7 8.
Nf3 f5 9. Qc2 Nf6 10. h3 c6 11. O-O-O b5 12. Bd3 Qa5 13. Nd2 Be6 14. Nb3 Bxb3
15. Qxb3 Rfc8 16. g4 Ne4 17. Bxe4 fxe4 18. Kb1 Qd8 19. Qc2 Qe7 20. h4 Rab8 21.
g5 Qe6 22. h5 b4 23. Na4 Be7 24. g6 fxg6 25. hxg6 h6 26. b3 Rf8 27. Nb2 Rb5 28.
Rdg1 Rd5 29. Nc4 c5 30. dxc5 Rxc5 31. Qe2 Bg5 32. Qd2 Qxg6 33. Qxb4 Rcf5 34.
Nd6 Rxf2 35. Qc4+ Kh8 36. Qd5 Qf6 37. Qd4 Bxe3 38. Qxf6 R2xf6 39. Rd1 Re6 40.
Rhe1 Bc5 41. Nxe4 Rfe8 42. Rc1 Bb4 0-1

[Event "Gibtelecom Masters 2005"]
[Site "Gibraltar ENG"]
[Date "2005.01.02"]
[Round "9"]
[White "Bergsson, Stefan"]
[Black "Weeramantry, Sunil"]
[Result "0-1"]
[WhiteElo "2163"]
[BlackElo "2258"]
[PlyCount "78"]
[EventDate "2005.01.26"]
[EventType "swiss"]
[EventRounds "10"]
[EventCountry "ENG"]
[Source "lmi"]
[SourceDate "2005.02.03"]

1. d4 Nf6 2. c4 g6 3. Nc3 Bg7 4. e4 d6 5. h3 O-O 6. Bg5 c5 7. d5 e6 8. Bd3 exd5
9. exd5 Nbd7 10. f4 b5 11. cxb5 Qa5 12. Bxf6 Nxf6 13. Qd2 Bb7 14. O-O-O a6 15.
bxa6 Bxa6 16. Bxa6 Rxa6 17. Nge2 Rb8 18. Qd3 Qb4 19. Rd2 c4 20. Qc2 Nd7 21. Kd1
Nc5 22. Nc1 Rab6 23. Re1 Qa5 24. Rde2 Rxb2 25. Re8+ Bf8 26. Rxb8 Rxb8 27. Ne4
Na4 28. Re3 Rb2 29. Qxc4 Rd2+ 30. Nxd2 Nb2+ 31. Ke2 Nxc4 32. Nxc4 Qxd5 33. Nd2
Qxg2+ 34. Kd3 Qd5+ 35. Ke2 Bh6 36. Rf3 f5 37. a4 Qd4 38. a5 Bxf4 39. Nd3 Bxd2
0-1

[Event "Gibtelecom Masters 2005"]
[Site "Gibraltar ENG"]
[Date "2005.01.02"]
[Round "9"]
[White "Bryn, Askild"]
[Black "Osuna Vega, Enrique"]
[Result "0-1"]
[WhiteElo "2009"]
[BlackElo "2173"]
[PlyCount "94"]
[EventDate "2005.01.26"]
[EventType "swiss"]
[EventRounds "10"]
[EventCountry "ENG"]
[Source "lmi"]
[SourceDate "2005.02.03"]

1. c4 Nf6 2. g3 d5 3. Bg2 g6 4. d4 Bg7 5. Nf3 O-O 6. Nbd2 c6 7. b3 Bf5 8. Bb2
Ne4 9. Nh4 Nxd2 10. Qxd2 Be6 11. c5 Qc8 12. a4 Nd7 13. Rc1 Nf6 14. O-O Ne4 15.
Qe3 Re8 16. b4 Bh3 17. f3 Bxg2 18. Nxg2 Nf6 19. Qd3 Bh6 20. Rc2 Qe6 21. Re1 Qd7
22. e3 Nh5 23. g4 Nf6 24. h3 Qc7 25. e4 dxe4 26. fxe4 Rad8 27. d5 cxd5 28. Bxf6
dxe4 29. Qxe4 exf6 30. Qxe8+ Rxe8 31. Rxe8+ Kg7 32. b5 Qg3 33. c6 bxc6 34. bxc6
Bf4 35. Re7 Bc7 36. a5 Bxa5 37. c7 Bb6+ 38. Re3 Bxe3+ 39. Kf1 Qf3+ 40. Ke1 Bf2+
41. Kd2 Qxg2 42. c8=Q Bb6+ 43. Kc1 Qxh3 44. Qd7 h5 45. Rc8 Qf1+ 46. Kb2 Qe2+
47. Kb3 Qe6+ 0-1

[Event "Gibtelecom Masters 2005"]
[Site "Gibraltar ENG"]
[Date "2005.01.02"]
[Round "9"]
[White "Coimbra, Margarida"]
[Black "Cazelais, Marc"]
[Result "1-0"]
[WhiteElo "2081"]
[BlackElo "2201"]
[PlyCount "103"]
[EventDate "2005.01.26"]
[EventType "swiss"]
[EventRounds "10"]
[EventCountry "ENG"]
[Source "lmi"]
[SourceDate "2005.02.03"]

1. e4 c5 2. Nc3 Nc6 3. g3 g6 4. Bg2 Bg7 5. d3 d6 6. Be3 Rb8 7. Qd2 b5 8. Nge2
Nd4 9. O-O e6 10. Nc1 b4 11. Nd1 Nc6 12. c3 bxc3 13. bxc3 Qa5 14. Bf4 e5 15.
Be3 Nge7 16. Bh6 O-O 17. Bxg7 Kxg7 18. f4 f5 19. Ne3 exf4 20. Rxf4 Ne5 21. Ne2
Ba6 22. exf5 gxf5 23. Nc4 Bxc4 24. dxc4 Qa6 25. Rh4 N7g6 26. Qh6+ Kf6 27. g4
Nf7 28. Qh5 Nxh4 29. Qxh4+ Kg7 30. Nf4 d5 31. Bxd5 Qh6 32. Ne6+ Kh8 33. Qxh6
Nxh6 34. Nxf8 Rxf8 35. gxf5 Rxf5 36. Rb1 Rg5+ 37. Kf1 Ng4 38. Rb8+ Kg7 39. Rb7+
Kf6 40. Rxh7 Ne3+ 41. Ke2 Nxd5 42. cxd5 Rg2+ 43. Kd3 Rxa2 44. Kc4 Kg6 45. Rc7
a5 46. Rxc5 a4 47. Ra5 Rxh2 48. Rxa4 Kf6 49. Kc5 Ke7 50. Ra7+ Ke8 51. c4 Rh6
52. d6 1-0

[Event "Gibtelecom Masters 2005"]
[Site "Gibraltar ENG"]
[Date "2005.01.02"]
[Round "9"]
[White "Duncanson, Henry G"]
[Black "Tolhuizen, Ludo"]
[Result "1/2-1/2"]
[WhiteElo "2110"]
[BlackElo "2288"]
[PlyCount "37"]
[EventDate "2005.01.26"]
[EventType "swiss"]
[EventRounds "10"]
[EventCountry "ENG"]
[Source "lmi"]
[SourceDate "2005.02.03"]

1. e4 d5 2. exd5 Qxd5 3. Nf3 Bg4 4. Be2 Nc6 5. O-O O-O-O 6. d3 e5 7. Nc3 Qd7 8.
h3 Bxf3 9. Bxf3 Nd4 10. Re1 Bd6 11. Ne4 f5 12. Nxd6+ Qxd6 13. Be3 Nf6 14. Bxd4
Qxd4 15. Qd2 Kb8 16. Qg5 e4 17. dxe4 Nxe4 18. Bxe4 fxe4 19. Qe3 1/2-1/2

[Event "Gibtelecom Masters 2005"]
[Site "Gibraltar ENG"]
[Date "2005.01.02"]
[Round "9"]
[White "Fossum, Oystein Boyum"]
[Black "Straub, Peter"]
[Result "1-0"]
[WhiteElo "2214"]
[BlackElo "2103"]
[PlyCount "41"]
[EventDate "2005.01.26"]
[EventType "swiss"]
[EventRounds "10"]
[EventCountry "ENG"]
[Source "lmi"]
[SourceDate "2005.02.03"]

1. c4 c6 2. Nf3 d5 3. g3 Nf6 4. Bg2 e6 5. b3 Bd6 6. Bb2 Nbd7 7. d4 b6 8. O-O
O-O 9. Nc3 Bb7 10. Nd2 c5 11. dxc5 bxc5 12. cxd5 exd5 13. Nc4 Nb6 14. Nxb6 axb6
15. Nxd5 Nxd5 16. Bxd5 Bxd5 17. Qxd5 Qe7 18. e3 Rfd8 19. Qc6 Qc7 20. Qxc7 Bxc7
21. Rfd1 1-0

[Event "Gibtelecom Masters 2005"]
[Site "Gibraltar ENG"]
[Date "2005.01.02"]
[Round "9"]
[White "Fraser Mitchell, Jeremy M"]
[Black "Johannesson, Ingvar Thor"]
[Result "1/2-1/2"]
[WhiteElo "2092"]
[BlackElo "2315"]
[PlyCount "109"]
[EventDate "2005.01.26"]
[EventType "swiss"]
[EventRounds "10"]
[EventCountry "ENG"]
[Source "lmi"]
[SourceDate "2005.02.03"]

1. d4 Nf6 2. c4 g6 3. f3 e5 4. dxe5 Nh5 5. Nh3 Nc6 6. Bg5 Be7 7. Bh6 Bb4+ 8.
Nd2 Nxe5 9. a3 Be7 10. Qc2 d6 11. Nf2 f5 12. Be3 f4 13. Bd4 Bf6 14. O-O-O O-O
15. Nfe4 Bg7 16. g4 Nc6 17. Bf2 Nf6 18. h4 Qe7 19. Bh3 Qe5 20. Nxf6+ Qxf6 21.
Ne4 Qe5 22. h5 Be6 23. hxg6 hxg6 24. g5 Bf5 25. Bxf5 Rxf5 26. Rd5 Qe6 27. Nf6+
Bxf6 28. gxf6 Qxf6 29. Rh6 Kg7 30. Bh4 Qe6 31. Rxf5 Qxf5 32. Qxf5 gxf5 33. Bg5
Nd4 34. Rh2 Ne6 35. Bh4 a6 36. Be1 Rf8 37. Bc3+ Kf7 38. Rh7+ Ke8 39. b4 Rf7 40.
Rh8+ Kd7 41. Rh4 b5 42. cxb5 axb5 43. Kc2 Rf8 44. Kb3 Rg8 45. Rh2 Kc6 46. a4
bxa4+ 47. Kxa4 Kd5 48. Kb3 Nd4+ 49. Bxd4 Kxd4 50. Rh7 c5 51. bxc5 dxc5 52. Rd7+
Ke3 53. Re7+ Kf2 54. Re5 Rd8 55. Rxf5 1/2-1/2

[Event "Gibtelecom Masters 2005"]
[Site "Gibraltar ENG"]
[Date "2005.01.02"]
[Round "9"]
[White "Gonzalez Nunez, Millan"]
[Black "Rios Gonzalez, Jose Antonio"]
[Result "0-1"]
[WhiteElo "1931"]
[BlackElo "2070"]
[PlyCount "54"]
[EventDate "2005.01.26"]
[EventType "swiss"]
[EventRounds "10"]
[EventCountry "ENG"]
[Source "lmi"]
[SourceDate "2005.02.03"]

1. e4 c5 2. Nf3 d6 3. d4 cxd4 4. Nxd4 Nf6 5. Nc3 e6 6. Bg5 Be7 7. Bc4 Nc6 8.
O-O O-O 9. Re1 Bd7 10. Qd2 Rc8 11. Rad1 a6 12. Nf3 b5 13. Bxf6 gxf6 14. Bd3 Ne5
15. Nxe5 fxe5 16. Re3 f5 17. Rg3+ Kh8 18. Rh3 Rf7 19. Ne2 f4 20. c3 Qb6 21. Bc2
Rcf8 22. Bb3 Rg7 23. Kf1 Qb7 24. f3 Qb6 25. Rh6 Rfg8 26. g3 fxg3 27. hxg3 Bg5
0-1

[Event "Gibtelecom Masters 2005"]
[Site "Gibraltar ENG"]
[Date "2005.01.02"]
[Round "9"]
[White "Howell, David"]
[Black "Del Rio Angelis, Salvador G"]
[Result "1/2-1/2"]
[WhiteElo "2348"]
[BlackElo "2502"]
[PlyCount "116"]
[EventDate "2005.01.26"]
[EventType "swiss"]
[EventRounds "10"]
[EventCountry "ENG"]
[Source "lmi"]
[SourceDate "2005.02.03"]

1. e4 c5 2. c3 d5 3. exd5 Qxd5 4. d4 Nf6 5. Nf3 Nc6 6. dxc5 Qxd1+ 7. Kxd1 e5 8.
b4 Bf5 9. Be3 Nd5 10. Bc4 O-O-O 11. Kc1 Nxe3 12. fxe3 f6 13. Rd1 g6 14. Rxd8+
Kxd8 15. Kd2 g5 16. Ke2 h5 17. Nbd2 h4 18. h3 Kc7 19. e4 Bg6 20. Nh2 Ne7 21.
Nhf1 f5 22. Ne3 f4 23. Nd5+ Nxd5 24. Bxd5 Bh5+ 25. Kf2 g4 26. hxg4 Bxg4 27. Nc4
Bg7 28. Nd6 Bf6 29. Rh1 Kb8 30. Nxb7 h3 31. Na5 Bh4+ 32. Kf1 Bf6 33. Kf2 Bh4+
34. Kf1 Bf6 35. Nc6+ Kc7 36. Kf2 a6 37. a4 Bd7 38. b5 Bxc6 39. Bxc6 h2 40. g3
fxg3+ 41. Kxg3 Be7 42. Rxh2 Rxh2 43. Kxh2 Bxc5 44. Kg3 Be3 45. Kg4 a5 46. Kf5
Kd6 47. Kf6 Bb6 48. Kf7 Bc7 49. Ke8 Bb6 50. Ba8 Bc7 51. Bb7 Bb6 52. Bd5 Bc7 53.
c4 Bb6 54. Bg8 Bc7 55. Bd5 Bb6 56. c5+ Kxc5 57. Kd7 Ba7 58. Ke6 Bb8 1/2-1/2

[Event "Gibtelecom Masters 2005"]
[Site "Gibraltar ENG"]
[Date "2005.01.02"]
[Round "9"]
[White "Kekki, Petri"]
[Black "Mohamed, Mehdi Aithmido"]
[Result "1-0"]
[WhiteElo "2362"]
[BlackElo "2122"]
[PlyCount "103"]
[EventDate "2005.01.26"]
[EventType "swiss"]
[EventRounds "10"]
[EventCountry "ENG"]
[Source "lmi"]
[SourceDate "2005.02.03"]

1. d4 Nf6 2. Nf3 c5 3. dxc5 Na6 4. a3 Nxc5 5. b4 Nce4 6. Bb2 Qc7 7. Qd3 g6 8.
Nd4 Qf4 9. Qf3 Qc7 10. e3 d5 11. Bb5+ Bd7 12. Qe2 Bg7 13. c4 dxc4 14. Qxc4 Rc8
15. Qxc7 Rxc7 16. Bd3 a6 17. f3 Ng5 18. Nd2 Ne6 19. Nxe6 Bxe6 20. Ne4 Bd5 21.
Nxf6+ Bxf6 22. Bxf6 exf6 23. Kd2 Ke7 24. Rhc1 Rhc8 25. Rxc7+ Rxc7 26. a4 Kd6
27. Ra3 Rc8 28. Rc3 Rxc3 29. Kxc3 Bc6 30. a5 Ke5 31. Bc2 h6 32. Kc4 Kd6 33. Kd4
Bd7 34. e4 Be6 35. g3 Bd7 36. f4 Be6 37. h4 Bd7 38. h5 g5 39. f5 Bb5 40. Bb3
Be2 41. Bxf7 Ke7 42. Bd5 Bxh5 43. Bxb7 Be2 44. e5 h5 45. Bc6 fxe5+ 46. Kxe5 h4
47. gxh4 gxh4 48. b5 h3 49. b6 Kd8 50. Kd6 Kc8 51. f6 Bc4 52. Bd7+ 1-0

[Event "Gibtelecom Masters 2005"]
[Site "Gibraltar ENG"]
[Date "2005.01.02"]
[Round "9"]
[White "Matto, Manuel"]
[Black "Black, Richard"]
[Result "0-1"]
[WhiteElo "2082"]
[BlackElo "2235"]
[PlyCount "64"]
[EventDate "2005.01.26"]
[EventType "swiss"]
[EventRounds "10"]
[EventCountry "ENG"]
[Source "lmi"]
[SourceDate "2005.02.03"]

1. Nf3 g6 2. g3 Bg7 3. Bg2 c5 4. c3 Nc6 5. O-O Nf6 6. d3 O-O 7. Na3 d5 8. Nc2
e5 9. Bg5 h6 10. Bxf6 Qxf6 11. Nd2 Qd8 12. Rb1 a5 13. a3 Be6 14. e4 dxe4 15.
Nxe4 Qe7 16. Qe2 f5 17. Nd2 Rfd8 18. Rfe1 Qd7 19. d4 cxd4 20. Bxc6 Qxc6 21.
Nxd4 exd4 22. Qxe6+ Qxe6 23. Rxe6 dxc3 24. Nc4 Rac8 25. Nb6 c2 26. Nxc8 Rxc8
27. Rc1 Bxb2 28. Ree1 Bxa3 29. Kf1 b5 30. Ke2 Bxc1 31. Rxc1 b4 32. Kd2 b3 0-1

[Event "Gibtelecom Masters 2005"]
[Site "Gibraltar ENG"]
[Date "2005.01.02"]
[Round "9"]
[White "McNab, Colin A"]
[Black "Calzetta Ruiz, Monica"]
[Result "1-0"]
[WhiteElo "2440"]
[BlackElo "2281"]
[PlyCount "125"]
[EventDate "2005.01.26"]
[EventType "swiss"]
[EventRounds "10"]
[EventCountry "ENG"]
[Source "lmi"]
[SourceDate "2005.02.03"]

1. c4 Nf6 2. Nf3 c5 3. g3 b6 4. Bg2 Bb7 5. O-O g6 6. b3 Bg7 7. Bb2 O-O 8. Nc3
d6 9. e3 Nbd7 10. d4 a6 11. Re1 Ne4 12. Qd3 Nxc3 13. Bxc3 e5 14. dxe5 dxe5 15.
e4 Qe7 16. Rad1 Nb8 17. Qd6 Qxd6 18. Rxd6 Nc6 19. Red1 Rfe8 20. Kf1 Rab8 21.
Bd2 Bf8 22. Rd7 f6 23. Bc1 Nb4 24. a3 Nc2 25. Nd2 Nd4 26. Bb2 Bc8 27. Ra7 a5
28. Nb1 Bb7 29. Nc3 Nc6 30. Nd5 Kf7 31. Rxb7+ Rxb7 32. f4 Nd4 33. b4 axb4 34.
axb4 Ra8 35. Rd2 Bd6 36. Rf2 cxb4 37. fxe5 Bxe5 38. Nxf6 Ke6 39. Bh3+ Kd6 40.
Ng4 h5 41. Nxe5 Kxe5 42. Rd2 Rd8 43. Ke1 Rc7 44. Bf1 Rcd7 45. Bg2 Rd6 46. Kf2
Rc6 47. Ke3 Rxc4 48. Rd3 g5 49. Bf1 g4 50. Rxd4 Rcxd4 51. Bb5 R8d6 52. Be8 b3
53. Ba4 Kf6 54. Bxd4+ Ke7 55. Bxb3 Rc6 56. e5 b5 57. Ke4 Rc1 58. Kd5 Rh1 59.
Bc5+ Ke8 60. Bc2 Rxh2 61. Bg6+ Kd8 62. e6 Re2 63. Bxh5 1-0

[Event "Gibtelecom Masters 2005"]
[Site "Gibraltar ENG"]
[Date "2005.01.02"]
[Round "9"]
[White "Ocana Roca, Juan Jesus"]
[Black "Dworakowska, Joanna"]
[Result "1/2-1/2"]
[WhiteElo "2149"]
[BlackElo "2395"]
[PlyCount "119"]
[EventDate "2005.01.26"]
[EventType "swiss"]
[EventRounds "10"]
[EventCountry "ENG"]
[Source "lmi"]
[SourceDate "2005.02.03"]

1. e4 c5 2. Nf3 Nc6 3. d3 g6 4. Nbd2 Bg7 5. g3 d6 6. Bg2 Nf6 7. O-O O-O 8. a4
Rb8 9. Ne1 d5 10. c3 e5 11. Qc2 Be6 12. Nef3 h6 13. Re1 b6 14. b3 Rc8 15. Bb2
d4 16. c4 Qd7 17. Ba3 Nh5 18. Qd1 Bf6 19. Rf1 Be7 20. Ne1 Bd6 21. Qe2 Kh7 22.
Nc2 Rg8 23. Rab1 f6 24. Kh1 a5 25. Rbe1 Ne7 26. Bc1 g5 27. h3 Ng7 28. Kh2 Ng6
29. Rh1 Rgf8 30. Kg1 h5 31. Nf1 Rh8 32. Rd1 Kg8 33. Ne1 Kf7 34. h4 gxh4 35.
gxh4 Rcg8 36. Ng3 Bg4 37. f3 Be6 38. Qf1 Ne8 39. Kf2 Bf8 40. Bh3 Nd6 41. Bxe6+
Qxe6 42. Qh3 Qxh3 43. Rxh3 Bh6 44. Bxh6 Rxh6 45. Ng2 Ke6 46. Rg1 Nf4 47. Nxf4+
exf4 48. Nf5 Rxg1 49. Kxg1 Rg6+ 50. Kf2 Nf7 51. Rh1 Ne5 52. Rd1 Nf7 53. Rd2 Ne5
54. Rd1 Nc6 55. Rd2 Nb4 56. Kf1 Rg8 57. Kf2 Nc6 58. Rd1 Rg6 59. Rd2 Kd7 60. Rd1
1/2-1/2

[Event "Gibtelecom Masters 2005"]
[Site "Gibraltar ENG"]
[Date "2005.01.02"]
[Round "9"]
[White "Orr, Mark JL"]
[Black "Arsenault, Nicolas"]
[Result "1/2-1/2"]
[WhiteElo "2324"]
[BlackElo "2138"]
[PlyCount "87"]
[EventDate "2005.01.26"]
[EventType "swiss"]
[EventRounds "10"]
[EventCountry "ENG"]
[Source "lmi"]
[SourceDate "2005.02.03"]

1. d4 Nf6 2. Bg5 c5 3. Bxf6 gxf6 4. d5 Qb6 5. Qc1 f5 6. c4 Bg7 7. Nc3 d6 8. e3
Nd7 9. f4 Nf6 10. Bd3 Bd7 11. Nge2 O-O-O 12. O-O Rhg8 13. Rb1 h5 14. Qc2 e6 15.
Kh1 Kb8 16. a3 Rde8 17. Rf3 Qd8 18. Ng1 Ng4 19. Qd2 Qf6 20. Nd1 e5 21. Bf1 exf4
22. exf4 Qh4 23. Nh3 Re1 24. Qd3 Bd4 25. Nc3 Rge8 26. Rxe1 Rxe1 27. Nd1 Qe7 28.
b3 Qe4 29. Qd2 f6 30. Ng1 h4 31. h3 Rxd1 32. Qxd1 Nf2+ 33. Rxf2 Bxf2 34. Qf3
Bd4 35. Bd3 Qe1 36. Qf1 Qe3 37. Nf3 Qxf4 38. Nxd4 Qxd4 39. Bxf5 Bxf5 40. Qxf5
Kc7 41. Qh7+ Kb6 42. Qd7 Qa1+ 43. Kh2 Qe5+ 44. Kh1 1/2-1/2

[Event "Gibtelecom Masters 2005"]
[Site "Gibraltar ENG"]
[Date "2005.01.02"]
[Round "9"]
[White "Pert, Nicholas"]
[Black "Bellon Lopez, Juan Manuel"]
[Result "1-0"]
[WhiteElo "2501"]
[BlackElo "2428"]
[PlyCount "33"]
[EventDate "2005.01.26"]
[EventType "swiss"]
[EventRounds "10"]
[EventCountry "ENG"]
[Source "lmi"]
[SourceDate "2005.02.03"]

1. d4 Nf6 2. Nf3 d5 3. c4 dxc4 4. Nc3 c6 5. a4 Bf5 6. Ne5 Na6 7. e3 Nb4 8. Bxc4
e6 9. O-O Bd6 10. f4 O-O 11. Qe2 c5 12. e4 cxd4 13. exf5 Bxe5 14. fxe5 d3 15.
Bxd3 Nxd3 16. exf6 exf5 17. Be3 1-0

[Event "Gibtelecom Masters 2005"]
[Site "Gibraltar ENG"]
[Date "2005.01.02"]
[Round "9"]
[White "Pert, Richard G"]
[Black "Saud, Mohamed"]
[Result "1-0"]
[WhiteElo "2417"]
[BlackElo "2198"]
[PlyCount "81"]
[EventDate "2005.01.26"]
[EventType "swiss"]
[EventRounds "10"]
[EventCountry "ENG"]
[Source "lmi"]
[SourceDate "2005.02.03"]

1. Nf3 c5 2. e4 g6 3. d4 Bg7 4. Nc3 cxd4 5. Nxd4 Nc6 6. Be3 Nf6 7. Bc4 O-O 8.
Bb3 Qc7 9. O-O a6 10. Re1 b5 11. Nf3 Bb7 12. Bg5 Na5 13. e5 Nxb3 14. cxb3 b4
15. exf6 exf6 16. Bd2 bxc3 17. Bxc3 Rfe8 18. Qd3 Qc6 19. Rad1 Rxe1+ 20. Rxe1
Qd5 21. Qe2 Qe6 22. Qc4 Qf5 23. Nd2 Bd5 24. Qd4 Rc8 25. h4 h5 26. Nc4 Bxc4 27.
bxc4 Qc5 28. Re8+ Kh7 29. Qxc5 Rxc5 30. Re7 Kg8 31. Re8+ Kh7 32. Re7 Kg8 33. b3
Rc7 34. Ba5 Rc5 35. Bb4 Rc7 36. Bd6 Rc6 37. Rxd7 f5 38. c5 Bd4 39. b4 Bc3 40.
a3 Bb2 41. a4 1-0

[Event "Gibtelecom Masters 2005"]
[Site "Gibraltar ENG"]
[Date "2005.01.02"]
[Round "9"]
[White "Quillan, Gary"]
[Black "Shaw, John"]
[Result "1/2-1/2"]
[WhiteElo "2322"]
[BlackElo "2445"]
[PlyCount "33"]
[EventDate "2005.01.26"]
[EventType "swiss"]
[EventRounds "10"]
[EventCountry "ENG"]
[Source "lmi"]
[SourceDate "2005.02.03"]

1. e4 c5 2. Nf3 Nc6 3. Bb5 g6 4. Bxc6 dxc6 5. d3 Bg7 6. h3 Nf6 7. Nc3 Nd7 8.
Be3 e5 9. Qd2 Qe7 10. Bh6 f6 11. Bxg7 Qxg7 12. Qe3 Qe7 13. Nd2 Nf8 14. f4 exf4
15. Qxf4 Ne6 16. Qh4 Nd4 17. O-O-O 1/2-1/2

[Event "Gibtelecom Masters 2005"]
[Site "Gibraltar ENG"]
[Date "2005.01.02"]
[Round "9"]
[White "Radovanovic, Jovica"]
[Black "Lahno, Katerina"]
[Result "0-1"]
[WhiteElo "2329"]
[BlackElo "2454"]
[PlyCount "84"]
[EventDate "2005.01.26"]
[EventType "swiss"]
[EventRounds "10"]
[EventCountry "ENG"]
[Source "lmi"]
[SourceDate "2005.02.03"]

1. e4 d6 2. d4 g6 3. c4 Bg7 4. Nc3 Nf6 5. Nf3 O-O 6. Be2 Na6 7. O-O e5 8. d5
Nc5 9. Nd2 a5 10. Qc2 c6 11. b3 Bd7 12. a3 Nh5 13. Bxh5 gxh5 14. Rb1 cxd5 15.
exd5 f5 16. b4 axb4 17. axb4 Na4 18. Nxa4 Bxa4 19. Nb3 b5 20. Qe2 bxc4 21. Qxc4
Qd7 22. Re1 Bb5 23. Qh4 Qf7 24. Bg5 Rae8 25. Na5 Kh8 26. Red1 f4 27. Nc6 Rg8
28. Qh3 Be2 29. Re1 f3 30. g3 h6 31. Bh4 e4 32. Kh1 e3 33. g4 Qxd5 34. Ne7 Rxe7
35. Bxe7 exf2 36. Rf1 Bxf1 37. Rxf1 Qe6 38. Bh4 hxg4 39. Qg3 Qc4 40. Qxf2 Qxb4
41. Be7 Re8 42. Qh4 Qe4 0-1

[Event "Gibtelecom Masters 2005"]
[Site "Gibraltar ENG"]
[Date "2005.01.02"]
[Round "9"]
[White "Radziewicz, Iweta"]
[Black "Kotronias, Vasilios"]
[Result "0-1"]
[WhiteElo "2459"]
[BlackElo "2585"]
[PlyCount "112"]
[EventDate "2005.01.26"]
[EventType "swiss"]
[EventRounds "10"]
[EventCountry "ENG"]
[Source "lmi"]
[SourceDate "2005.02.03"]

1. d4 Nf6 2. c4 g6 3. Nc3 Bg7 4. e4 d6 5. Be2 O-O 6. Bg5 h6 7. Be3 c5 8. dxc5
Qa5 9. Bd2 Qxc5 10. Nf3 Bg4 11. Rc1 Nbd7 12. b3 Qc6 13. Nd4 Qb6 14. Bxg4 Nxg4
15. Qxg4 Ne5 16. Qe2 Qxd4 17. O-O Qd3 18. Qxd3 Nxd3 19. Rcd1 Nb4 20. Nd5 Nc6
21. Be3 Rfc8 22. h4 Kf8 23. Rfe1 e6 24. Nf4 Ke7 25. Re2 b6 26. Bc1 b5 27. Ba3
b4 28. Bc1 a5 29. Nd5+ exd5 30. exd5+ Ne5 31. f4 h5 32. Bb2 f6 33. fxe5 fxe5
34. Rd3 Bf6 35. Rg3 Rg8 36. c5 dxc5 37. Bxe5 Bxe5 38. Rxe5+ Kd6 39. Rgg5 a4 40.
Re6+ Kd7 41. Rb6 c4 42. Rb7+ Kc8 43. Rxb4 cxb3 44. axb3 a3 45. Rc4+ Kd7 46. Rc1
Rgc8 47. Ra1 Rc3 48. Rxg6 Rxb3 49. Rc6 a2 50. Rc2 Rb1+ 51. Rc1 Rxa1 52. Rxa1
Kd6 53. g4 hxg4 54. h5 Kxd5 55. Kg2 Ke6 56. Kg3 Kf5 0-1

[Event "Gibtelecom Masters 2005"]
[Site "Gibraltar ENG"]
[Date "2005.01.02"]
[Round "9"]
[White "Rendle, Thomas"]
[Black "Georgiev, Kiril"]
[Result "0-1"]
[WhiteElo "2370"]
[BlackElo "2654"]
[PlyCount "84"]
[EventDate "2005.01.26"]
[EventType "swiss"]
[EventRounds "10"]
[EventCountry "ENG"]
[Source "lmi"]
[SourceDate "2005.02.03"]

1. f4 d5 2. Nf3 g6 3. g3 Bg7 4. Bg2 c5 5. O-O Nc6 6. d3 d4 7. c3 Nh6 8. e4 dxe3
9. Bxe3 b6 10. Na3 O-O 11. Qe2 Bb7 12. Nc4 Qc7 13. Kh1 Rad8 14. Rad1 e6 15. Bg1
Rfe8 16. Rfe1 Nf5 17. Qf2 Nd6 18. Nce5 Ne7 19. h3 Nd5 20. Bh2 c4 21. Nd4 cxd3
22. Nxd3 Nc4 23. g4 Qc8 24. Ne5 Nxe5 25. fxe5 a6 26. Nf3 h6 27. Nd2 Ne7 28. Ne4
Bxe4 29. Bxe4 Rxd1 30. Rxd1 Qc4 31. Qd4 Qxa2 32. Qd7 Kf8 33. Qc7 Qa4 34. Rd4
Qb5 35. c4 Qb4 36. Bg3 Kg8 37. Qd7 Rf8 38. Qd6 Qxb2 39. Rd3 Qc1+ 40. Kh2 Qxc4
41. Rd4 Qe2+ 42. Bg2 Nd5 0-1

[Event "Gibtelecom Masters 2005"]
[Site "Gibraltar ENG"]
[Date "2005.01.02"]
[Round "9"]
[White "Rogers, Ian"]
[Black "Jasim, AR Saleh"]
[Result "1-0"]
[WhiteElo "2594"]
[BlackElo "2340"]
[PlyCount "125"]
[EventDate "2005.01.26"]
[EventType "swiss"]
[EventRounds "10"]
[EventCountry "ENG"]
[Source "lmi"]
[SourceDate "2005.02.03"]

1. d4 e6 2. c4 f5 3. g3 Nf6 4. Bg2 d5 5. Nh3 c6 6. Qc2 Bd6 7. O-O O-O 8. Bf4
Be7 9. Nd2 h6 10. Bxb8 Rxb8 11. Nf4 Qe8 12. Nf3 g5 13. Nd3 Bd6 14. Nfe5 Nd7 15.
b4 Bxe5 16. dxe5 Nb6 17. Nb2 Qe7 18. Qc3 Bd7 19. c5 Nc8 20. Nd3 Qg7 21. f4 g4
22. Nc1 h5 23. Nb3 h4 24. Rfd1 Qe7 25. Nd4 Rf7 26. a4 a6 27. Kf2 Rg7 28. Rd3
Na7 29. Rad1 Rf8 30. Rh1 Kf7 31. Rc1 Rc8 32. Rcd1 Kg8 33. Re1 Rf8 34. Rb1 Rc8
35. Ra1 Kf7 36. Rc1 Kg8 37. Rd2 Rf8 38. Ra1 Rc8 39. Rb1 Rh7 40. Rc1 Rg7 41.
Rcd1 Rf8 42. Nb3 Be8 43. Na5 Rff7 44. Rd3 Rf8 45. Rh1 Kf7 46. Qd4 Rh8 47. Rg1
Kf8 48. Ke3 Rhh7 49. Nb3 Rh8 50. Kd2 Kf7 51. Kc3 Bd7 52. Rgd1 Be8 53. Nd2 Rhh7
54. e4 fxe4 55. Bxe4 dxe4 56. Nxe4 Nc8 57. Qd8 Qxd8 58. Rxd8 hxg3 59. hxg3 Ne7
60. Nd6+ Kg6 61. Rxe8 Nd5+ 62. Rxd5 exd5 63. f5+ 1-0